History Quiz

Random History or Famous Quiz

Honorary Knighthood Slideshow Quiz Stats

 Plays Quiz Updated Jul 22, 2018

Score 0/24 Timer 06:00
1 Play Today
% Correct
Nelson Mandela
99.5%
Ronald Reagan
94.6%
Bill and Melinda Gates
93.1%
Mother Teresa
92.6%
George H. W. Bush
91.4%
Bono
90%
Angelina Jolie
88.4%
Dwight D. Eisenhower
85.4%
Ted Kennedy
80.1%
Steven Spielberg
77.6%
Colin Powell
75.7%
Pelé
66.4%
% Correct
Benito Mussolini
65.3%
Bob Hope
62.3%
Rudy Giuliani
59.7%
Billy Graham
54%
Robert Mugabe
52%
Ravi Shankar
51.9%
Bob Geldof
39.4%
J. Edgar Hoover
33.2%
Guglielmo Marconi
32.9%
Michael Bloomberg
31.5%
George Marshall
21.2%
Chiang Kai-shek
17.6%

You're not logged in!

Compare scores with friends on all Sporcle quizzes.
OR
Log In

Sporcle TV

Today on Sporcle TV


Watch our educational content, quiz creation guides, and fun videos on Sporcle TV.

Show Comments

Extras

Top Quizzes Today


Score Distribution

Your Account Isn't Verified!

In order to create a playlist on Sporcle, you need to verify the email address you used during registration. Go to your Sporcle Settings to finish the process.

Report this User

Report this user for behavior that violates our Community Guidelines.

Details: